<?xml version="1.0" encoding="UTF-8"?>
<record
    xmlns:xsi="http://www.w3.org/2001/XMLSchema-instance"
    xsi:schemaLocation="http://www.loc.gov/MARC21/slim http://www.loc.gov/standards/marcxml/schema/MARC21slim.xsd"
    xmlns="http://www.loc.gov/MARC21/slim">

  <leader>00839nam a2200181Ia 4500</leader>
  <controlfield tag="008">090124s9999    xx            000 0 und d</controlfield>
  <datafield tag="082" ind1=" " ind2=" ">
    <subfield code="b">27838</subfield>
  </datafield>
  <datafield tag="100" ind1=" " ind2=" ">
    <subfield code="a">&#x92E;&#x930;&#x93E;&#x920;&#x947; &#x930;&#x93E;&#x92E;&#x91A;&#x902;&#x926;&#x94D;&#x930; &#x935;&#x93F;&#x928;&#x93E;&#x92F;&#x915; (&#x915;&#x94B;&#x936;&#x915;&#x93E;&#x930;)</subfield>
  </datafield>
  <datafield tag="245" ind1=" " ind2=" ">
    <subfield code="a"> &#x907;&#x902;&#x917;&#x94D;&#x930;&#x91C;&#x940;-&#x92E;&#x930;&#x93E;&#x920;&#x940; &#x92A;&#x941;&#x930;&#x93E;&#x924;&#x924;&#x94D;&#x924;&#x94D;&#x935;-&#x915;&#x94B;&#x936;</subfield>
  </datafield>
  <datafield tag="250" ind1=" " ind2=" ">
    <subfield code="a">0</subfield>
  </datafield>
  <datafield tag="260" ind1=" " ind2=" ">
    <subfield code="b">&#x92E;&#x902;&#x91C;&#x93F;&#x930;&#x940; &#x936;&#x94D;&#x930;&#x940;. &#x92E;&#x930;&#x93E;&#x920;&#x947;</subfield>
    <subfield code="c">1983</subfield>
  </datafield>
  <datafield tag="300" ind1=" " ind2=" ">
    <subfield code="a">128</subfield>
  </datafield>
  <datafield tag="600" ind1=" " ind2=" ">
    <subfield code="a">&#x92E;&#x930;&#x93E;&#x920;&#x947; &#x930;&#x93E;&#x92E;&#x91A;&#x902;&#x926;&#x94D;&#x930; &#x935;&#x93F;&#x928;&#x93E;&#x92F;&#x915; (&#x915;&#x94B;&#x936;&#x915;&#x93E;&#x930;)</subfield>
  </datafield>
  <datafield tag="630" ind1=" " ind2=" ">
    <subfield code="a"> &#x907;&#x902;&#x917;&#x94D;&#x930;&#x91C;&#x940;-&#x92E;&#x930;&#x93E;&#x920;&#x940; &#x92A;&#x941;&#x930;&#x93E;&#x924;&#x924;&#x94D;&#x924;&#x94D;&#x935;-&#x915;&#x94B;&#x936;</subfield>
  </datafield>
  <datafield tag="700" ind1=" " ind2=" ">
    <subfield code="a">&#x92E;&#x930;&#x93E;&#x920;&#x947; &#x930;&#x93E;&#x92E;&#x91A;&#x902;&#x926;&#x94D;&#x930; &#x935;&#x93F;&#x928;&#x93E;&#x92F;&#x915; (&#x915;&#x94B;&#x936;&#x915;&#x93E;&#x930;)</subfield>
  </datafield>
  <datafield tag="730" ind1=" " ind2=" ">
    <subfield code="a"> &#x907;&#x902;&#x917;&#x94D;&#x930;&#x91C;&#x940;-&#x92E;&#x930;&#x93E;&#x920;&#x940; &#x92A;&#x941;&#x930;&#x93E;&#x924;&#x924;&#x94D;&#x924;&#x94D;&#x935;-&#x915;&#x94B;&#x936;</subfield>
  </datafield>
  <datafield tag="942" ind1=" " ind2=" ">
    <subfield code="c">BOOK</subfield>
  </datafield>
  <datafield tag="999" ind1=" " ind2=" ">
    <subfield code="c">94247</subfield>
    <subfield code="d">94247</subfield>
  </datafield>
  <datafield tag="952" ind1=" " ind2=" ">
    <subfield code="0">0</subfield>
    <subfield code="1">0</subfield>
    <subfield code="4">0</subfield>
    <subfield code="7">0</subfield>
    <subfield code="a">THNNWM</subfield>
    <subfield code="b">THNNWM</subfield>
    <subfield code="d">0000-00-00</subfield>
    <subfield code="g">50.00</subfield>
    <subfield code="l">0</subfield>
    <subfield code="o">27838</subfield>
    <subfield code="p">THNNWM-27838</subfield>
    <subfield code="r">2009-01-24 00:00:00</subfield>
    <subfield code="v">50.00</subfield>
    <subfield code="w">2009-01-24</subfield>
    <subfield code="y">BOOK</subfield>
  </datafield>
</record>
